000 00862nam a2200205Ii 4500
003 JO-AjNU
008 230605s9999||||xx |||||||||||||| ||und||
040 _aJO-AjNU
_bara
_erda
_cJO-AjNU
041 _aara
050 1 4 _aBF698.2004
100 3 _aلويس،كيرو ، إدلبي،زاهي/ترجمة,
_eauthor
_922638
245 0 0 _aاكتشف شخصيتك وشخصيات الآخرين:اعرف نفسك،كيف تفهم الاخرين،اختبارات لمعرفة ذاتك،كيف تحدد اهدافك،اكتشف طاقتك الكامنة
250 _aالطبعة العربية الاولى
264 3 1 _aعمان:الاهلية للنشر والتوزيع ،2004
300 _a272ص
336 _atext
_btxt
_2rdacontent
337 _aunmediated
_bn
_2rdamedia
338 _avolume
_bnc
_2rdacarrier
650 4 _aاختبارات شخصية
_922639
999 _aA8068
_c11636
_d11636